[Event "IECG CM.2006.0.00301 email"]
[Site "IECG email"]
[Date "2006.04.22"]
[Round "?"]
[White "De Blasio, Alessandro"]
[Black "Verbitsky, Oleg"]
[Result "1-0"]
[WhiteElo "2281"]
[BlackElo "2200"]
[PlyCount "21"]
[EventDate "2006.04.22"]
[EventType "tourn (corr)"]
[EventRounds "6"]
[SourceTitle "Corr 2024"]
[Source "ChessBase"]
[SourceDate "2023.10.19"]
[SourceVersion "1"]
[SourceVersionDate "2023.10.19"]
[SourceQuality "1"]

1. e4 e5 2. d4 exd4 3. Qxd4 Nc6 4. Qe3 Nf6 5. Nc3 Be7 6. Bc4 0-0 7. Bd2 Ng4 8. Qf4 d5 9. Nxd5 Bc5 10. Be3 Nxe3 11. Nxe3 1-0

[Event "IECG CM.2005.0.00268 email"]
[Site "IECG email"]
[Date "2005.02.20"]
[Round "?"]
[White "Dantas, Roberto"]
[Black "Verbitsky, Oleg"]
[Result "0-1"]
[WhiteElo "2200"]
[BlackElo "2200"]
[PlyCount "124"]
[EventDate "2005.02.20"]
[EventType "tourn (corr)"]
[EventRounds "6"]
[SourceTitle "Corr 2008"]
[Source "ChessBase"]
[SourceDate "2008.06.24"]
[SourceVersion "1"]
[SourceVersionDate "2008.06.24"]
[SourceQuality "1"]

1. d4 Nf6 2. Bg5 d5 3. Bxf6 exf6 4. e3 Bd6 5. c4 dxc4 6. Bxc4 c6 7. Nc3 0-0 8. Nge2 Nd7 9. Ng3 g6 10. 0-0 f5 11. Re1 Nf6 12. Bb3 Re8 13. Rc1 Qe7 14. Re2 Bd7 15. Re1 Rad8 16. Nge2 Ng4 17. g3 Qg5 18. Nf4 Qh6 19. h4 g5 20. Ng2 f4 21. exf4 Rxe1+ 22. Qxe1 gxf4 23. Qd2 fxg3 24. Qxh6 gxf2+ 25. Kf1 Nxh6 26. Ne4 Bc7 27. Nf6+ Kg7 28. Nxd7 Rxd7 29. Rc3 Bb6 30. Rg3+ Kf8 31. d5 cxd5 32. Nf4 Bc7 33. Rf3 Ng4 34. Nxd5 Nh2+ 35. Kxf2 Nxf3 36. Kxf3 Be5 37. a4 Bxb2 38. Kf4 b6 39. Bc4 Rd6 40. Kf5 Rc6 41. Bb3 Rc1 42. Nf4 Rc3 43. Bd5 Rc5 44. Ke4 Ke7 45. h5 f5+ 46. Kxf5 Bc1 47. Kg4 Bxf4 48. Be4 Bc1 49. Bd3 h6 50. Be2 Ra5 51. Bd1 b5 52. axb5 Rxb5 53. Kg3 a5 54. Be2 Rb3+ 55. Kf2 a4 56. Bc4 Rc3 57. Bg8 Rc8 58. Bd5 Kd6 59. Bb7 Rc2+ 60. Kf3 a3 61. Be4 Rc3+ 62. Kg2 a2 0-1

[Event "IECG CM.2005.0.00268 email"]
[Site "IECG email"]
[Date "2005.02.20"]
[Round "?"]
[White "Verbitsky, Oleg"]
[Black "Busch, Karl"]
[Result "1-0"]
[WhiteElo "2200"]
[BlackElo "2088"]
[PlyCount "39"]
[EventDate "2005.02.20"]
[EventType "tourn (corr)"]
[EventRounds "6"]
[SourceTitle "Corr 2008"]
[Source "ChessBase"]
[SourceDate "2008.06.24"]
[SourceVersion "1"]
[SourceVersionDate "2008.06.24"]
[SourceQuality "1"]

1. d4 d5 2. c4 dxc4 3. e3 e5 4. Bxc4 exd4 5. exd4 Nf6 6. Qb3 Qe7+ 7. Kf1 g6 8. Nf3 Bg7 9. Bd2 a5 10. Nc3 0-0 11. Re1 Qd7 12. a4 Nc6 13. Nb5 Ne8 14. h4 Nd6 15. h5 Nxb5 16. axb5 Nxd4 17. Nxd4 a4 18. Qb4 Qxd4 19. hxg6 Bf5 20. Rh4 1-0

[Event "IECG CM.2005.0.00268 email"]
[Site "IECG email"]
[Date "2005.02.20"]
[Round "?"]
[White "Verbitsky, Oleg"]
[Black "Starke, Rene Reiner"]
[Result "0-1"]
[WhiteElo "2200"]
[BlackElo "2243"]
[PlyCount "90"]
[EventDate "2005.02.20"]
[EventType "tourn (corr)"]
[EventRounds "6"]
[SourceTitle "Corr 2008"]
[Source "ChessBase"]
[SourceDate "2008.06.24"]
[SourceVersion "1"]
[SourceVersionDate "2008.06.24"]
[SourceQuality "1"]

1. d4 d5 2. c4 c6 3. Nc3 Nf6 4. Nf3 e6 5. e3 Nbd7 6. Bd3 dxc4 7. Bxc4 b5 8. Be2 Bb7 9. 0-0 a6 10. e4 c5 11. e5 Nd5 12. a4 b4 13. Ne4 Qc7 14. Re1 h6 15. b3 Be7 16. Bb2 0-0 17. Rc1 Rad8 18. dxc5 Nc3 19. Nxc3 Nxc5 20. Qc2 bxc3 21. Qxc3 Qb6 22. Nd4 Bd5 23. a5 Qb7 24. Qg3 Ne4 25. Qe3 Bb4 26. Red1 Rc8 27. Bc4 Rfd8 28. f3 Nc5 29. Bxd5 Rxd5 30. Rc4 Nd7 31. f4 Rxc4 32. bxc4 Rxa5 33. Nf3 Ra2 34. Bd4 a5 35. h3 a4 36. Rb1 Nc5 37. Kh1 Rc2 38. Ra1 Ne4 39. Qd3 Rc3 40. Qd1 a3 41. Qb1 Rxf3 42. gxf3 Nd2 43. Qg1 Qxf3+ 44. Qg2 Qd3 45. Rg1 g6 0-1